000 01844nam a22003857a 4500
001 103619
003 KnowledgeUnlatched
005 20210303105120.0
006 m o d
007 cr u||||||||||
008 210129p20162019xx o u00| u eng d
037 _5BiblioBoard
245 0 0 _aIn Praise of Asclepius
_bAelius Aristides, Selected Prose Hymns /
_cKarl-Heinz Nesselrath, Michael Trapp, Donald A. Russell.
020 _a9783161564260
029 1 _ahttps://library.biblioboard.com/ext/api/media/4abee246-9849-495a-8b85-2976297948cf/assets/thumbnail.jpg
040 _aScCtBLL
_cScCtBLL
506 0 _aAccess copy available to the general public.
_fUnrestricted
_2star
700 1 _aNesselrath, Karl-Heinz
_eeditor.
700 1 _aTrapp, Michael
_eeditor.
700 1 _aRussell, Donald A.
_eeditor.
264 1 _bMohr Siebeck,
300 _a1 online resource (175 p.)
520 _aIn the second century AD Aelius Aristides wrote eight prose hymns to Greek gods. This volume presents a new edition of the Greek text of four of these hymns (focusing on Asclepius), a new English translation with notes, and a number of essays shedding additional light on these texts from various perspectives.
588 0 _aDescription based on print version record.
590 _aKU Open Services
650 7 _aReligion
_2bisacsh
650 7 _aPhilosophy
_2bisacsh
650 0 _aReligion
655 0 _aElectronic books.
758 _iIs found in:
_aKnowledge Unlatched
_1https://openresearchlibrary.org/module/2774bc74-146a-484f-a7ba-ab1d6a09bbfb
856 4 0 _uhttps://openresearchlibrary.org/content/4abee246-9849-495a-8b85-2976297948cf
_zView this content on Open Research Library.
_70
999 _c33645
_d33645